Statistics for Indonesia QUiz

Click here to take the quiz!

General Stats

  • This quiz has been taken 16 times
  • The average score is 3 of 5

Answer Stats

HintAnswer% Correct
What is the most populated ISLAND in Indonesia?Java
94%
What is the BIGGEST Island in INdonesia?Borneo
81%
What is the most populated place of worship in INdonesia? Name the building. (Church, synagogue)Mosque
50%
What is the most populated TV NEWS in Indonesia? (Put it in Abbreviations/acronyms e.g. BBC British Broadcasting Coorporation)RCTI
25%
What is the World Ranking of the Indonesian Military?13th
19%

Score Distribution

Percentile by Number Answered

Percent of People with Each Score

Your Score History

You have not taken this quiz